000 00597nam a2200217Ia 4500
005 20241129120224.0
008 241129s9999||||xx |||||||||||||| ||und||
020 _a9789395624497
037 _aTB
040 _aSDCL
_beng
_cSDCL
041 _aeng
_2eng
084 _aV2y7N26, R3 LR
_qSDCL
100 _aChoudhary Abhishek
_9729462
245 0 _aVajpayee: The ascent of the hindu right 1924-1977
260 _aNew Delhi
_bPicador
_c2023
300 _axi,401p.
365 _aINR
_b899
650 _aReference
942 _cTB
_hV2y7N26, R3 LR
999 _c1233881
_d1233881